00680nam a22001817a 450000500170000000800410001702000180005804000130007608200140008924502600010325000220036326000540038530000160043965000150045565000080047065000090047865000110048720220216113422.0190613b ||||| |||| 00| 0 eng d a9788385915475 cPK-LaUMT a611bBDC- aBD Chaurasia's human anatomy regional and applied dissection and clinical :bV.1: Upper limb thorax, V.2: Lower limb; Abdomen and pelvis, V.3: head and neck, V.4: Brain-neuroanatomy /cedited by Krishna Garg, Pragati Sheel Mital and Mrudula Chandrupatia  a8th ed. [pirated] aNew Delhi :bCBS Publishers & Distributors,c2020 a4 vols. set aUpper limb aArm aHand aThorax